000 00487nam a2200157 i 4500
001 26097
003 ES-MaACL
005 20230906153403.0
007 t|
008 030107s1911 xxk ||||1| eng d
100 1 _aArnold, E. Vernon.
_923103
245 1 0 _aRomam Stoicism
_b: being lectures on the history of the stoic philosophy /
_cby E. Vernon Arnold.
260 _aCambridge :
_bUniversity Press,
_c1911 (
_fPeter Lane)
300 _aIX, 468 p. ;
_c22 cm.
852 _aES-MaACL
_jF-543
999 _c26097
_d26097